PAS 91 (Record no. 111291)

MARC details
000 -LEADER
fixed length control field 01227cad a22002175a 4500
001 - CONTROL NUMBER
control field L151307
008 - FIXED-LENGTH DATA ELEMENTS--GENERAL INFORMATION
fixed length control field 101019s2010 xxk f 000 0 eng d
020 ## - INTERNATIONAL STANDARD BOOK NUMBER
International Standard Book Number 9780580675980
035 ## - SYSTEM CONTROL NUMBER
System control number (Sirsi) u151307
041 0# - LANGUAGE CODE
Language code of text/sound track or separate title eng
110 2# - MAIN ENTRY--CORPORATE NAME
Corporate name or jurisdiction name as entry element British Standards Institution
9 (RLIN) 130
245 00 - TITLE STATEMENT
Title PAS 91
Remainder of title 2010 construction related procurement, prequalification questionnaires
Medium [electronic resource]
260 ## - PUBLICATION, DISTRIBUTION, ETC.
Place of publication, distribution, etc. London
Name of publisher, distributor, etc. BSI
Date of publication, distribution, etc. 2010
520 ## - SUMMARY, ETC.
Summary, etc. A specification for pre-qualification criteria in the construction industry is issued by the British Standards Institution (BSI) with support of the Department for Business, Innovation and Skills (BIS). This free download streamlines the process for businesses bidding for new government contracts saving time and money. PAS 91 is developed with the direct involvement of organisations including the Federation of Master Builders and the Civil Engineering Contractors Association.
590 ## - LOCAL NOTE (RLIN)
Local note KA NTK
650 24 - SUBJECT ADDED ENTRY--TOPICAL TERM
Topical term or geographic name entry element PAS 91:2010
651 #4 - SUBJECT ADDED ENTRY--GEOGRAPHIC NAME
Geographic name United Kingdom
Chronological subdivision
690 ## - LOCAL SUBJECT ADDED ENTRY--TOPICAL TERM (OCLC, RLIN)
Topical term or geographic name as entry element Procurement
9 (RLIN) 6260
856 40 - ELECTRONIC LOCATION AND ACCESS
Uniform Resource Identifier <a href="https://www.bis.gov.uk/assets/biscore/business-sectors/docs/b/bsi-specification-pas91-construction-procurement.pdf">https://www.bis.gov.uk/assets/biscore/business-sectors/docs/b/bsi-specification-pas91-construction-procurement.pdf</a>
Public note View the item free of charge at www.bis.gov.uk
942 ## - ADDED ENTRY ELEMENTS (KOHA)
Suppress in OPAC 0
Holdings
Withdrawn status Lost status Source of classification or shelving scheme Damaged status Not for loan Home library Current library Shelving location Date acquired Total Checkouts Full call number Barcode Date last seen Copy number Price effective from Koha item type
    Dewey Decimal Classification     Virtual Virtual Online 19/10/2010   ONLINE PUBLICATION 151307-2001 06/08/2019 1 06/08/2019 Book